<?xml version="1.0" encoding="UTF-8"?>
<record
    xmlns:xsi="http://www.w3.org/2001/XMLSchema-instance"
    xsi:schemaLocation="http://www.loc.gov/MARC21/slim http://www.loc.gov/standards/marcxml/schema/MARC21slim.xsd"
    xmlns="http://www.loc.gov/MARC21/slim">

  <leader>02945nam a2200301 i 4500</leader>
  <controlfield tag="001">000042762</controlfield>
  <controlfield tag="003">DO-SdBNP</controlfield>
  <controlfield tag="005">20241030102313.0</controlfield>
  <controlfield tag="006">a||||gr|||| 00| 0 </controlfield>
  <controlfield tag="007">ta</controlfield>
  <controlfield tag="008">140207e1984    dr ad         000   spa d</controlfield>
  <datafield tag="040" ind1=" " ind2=" ">
    <subfield code="a">DO-SdBNP</subfield>
    <subfield code="b">spa</subfield>
    <subfield code="c">BNPHU</subfield>
    <subfield code="e">rda</subfield>
  </datafield>
  <datafield tag="082" ind1=" " ind2="4">
    <subfield code="2">22</subfield>
    <subfield code="b">R426g</subfield>
  </datafield>
  <datafield tag="110" ind1="1" ind2=" ">
    <subfield code="a">Republica Dominicana.</subfield>
    <subfield code="b">Oficina Nacional de Planificaci&#xF3;n.</subfield>
    <subfield code="e">autor</subfield>
    <subfield code="9">70392</subfield>
  </datafield>
  <datafield tag="245" ind1="1" ind2="0">
    <subfield code="a">Gu&#xED;a serie perfiles '84 /</subfield>
    <subfield code="c">Presentaci&#xF3;n, Jos&#xE9; Antonio Najri, L. Orlando Haza.</subfield>
  </datafield>
  <datafield tag="264" ind1=" " ind2=" ">
    <subfield code="a">Santo Domingo :</subfield>
    <subfield code="b">Comit&#xE9; Interinstitucional para la Identificaci&#xF3;n y Promoci&#xF3;n de Oportunidades de Inversi&#xF3;n - CIPROIN</subfield>
    <subfield code="c">1984.</subfield>
  </datafield>
  <datafield tag="300" ind1=" " ind2=" ">
    <subfield code="a">189 p&#xE1;ginas : </subfield>
    <subfield code="b">Ilustraciones, gr&#xE1;ficas ;</subfield>
    <subfield code="c">27 cm.</subfield>
  </datafield>
  <datafield tag="336" ind1=" " ind2=" ">
    <subfield code="2">rdacontent</subfield>
    <subfield code="a">texto</subfield>
    <subfield code="b">txt</subfield>
  </datafield>
  <datafield tag="337" ind1=" " ind2=" ">
    <subfield code="2">rdamedia</subfield>
    <subfield code="a">sin mediaci&#xF3;n</subfield>
  </datafield>
  <datafield tag="338" ind1=" " ind2=" ">
    <subfield code="2">rdacarrier</subfield>
    <subfield code="a">volumen</subfield>
    <subfield code="b">nc</subfield>
  </datafield>
  <datafield tag="490" ind1=" " ind2=" ">
    <subfield code="a">Perfiles 84 ;</subfield>
    <subfield code="v">1</subfield>
  </datafield>
  <datafield tag="500" ind1=" " ind2=" ">
    <subfield code="a">Gu&#xED;a elaborada por la divisi&#xF3;n de Orientaci&#xF3;n y Asistencia T&#xE9;cnica, Departamento de Proyectos. Oficina Nacional de Planificaci&#xF3;n (ONAPLAN).</subfield>
  </datafield>
  <datafield tag="505" ind1=" " ind2=" ">
    <subfield code="a">Integrantes Comisi&#xF3;n.-- Presentaci&#xF3;n.</subfield>
    <subfield code="t">Informaci&#xF3;n General sobre R. D.-- Producci&#xF3;n de Vegetales.-- Producci&#xF3;n de Pur&#xE9; de guineo as&#xE9;ptico.-- Producci&#xF3;n de Pulpa concentrada de lechoza y lechoza en alm&#xED;bar.-- Industrializaci&#xF3;n del aguacate.-- Producci&#xF3;n de Fibras de coco.-- Producci&#xF3;n de tostones de pl&#xE1;tanos.-- Industrializaci&#xF3;n de la pi&#xF1;a.-- Proyecto Modelo Integrado para  la captura y mercadeo del pescado marino.--  Desarrollo Administraci&#xF3;n de la pesquer&#xED;a de tilapia en las lagunas redonda y lim&#xF3;n.-- Granja de peces de agua dulce.--</subfield>
    <subfield code="t">Instalaci&#xF3;n de una granja de camarones de agua dulce.-- Pepinillos encurtidos para la exportaci&#xF3;n.-- Aceite esencial de Naranja Amarga.-- Producci&#xF3;n de Harina a partir del Pl&#xE1;tano.-- Planta procesadora de Pulpa de frutas tropicales.-- Agroindustrializaci&#xF3;n del coco.-- Fabricaci&#xF3;n de sopas y cremas deshidratadas.-- Planta desmontadora de algod&#xF3;n.-- Planta Procesadora de leche.-- Elaboraci&#xF3;n de casabe enriquecido con prote&#xED;na de origen vegetal.-- Planta procesadora de Bija con fines de obtener colorantes, pastas y dem&#xE1;s derivados.--</subfield>
    <subfield code="t">Planta para la elaboraci&#xF3;n de pescado ahumado.-- Aprovechamiento Integral de los Pseudo-Tallos de Mus&#xE1;ceas.-- Instalaci&#xF3;n de una Agroindustria procesadora de frutas.-- Instalaci&#xF3;n de una Planta procesadora de Cacao en el Cibao Norcentral.-- Planta para el procesamiento de frutas.-- Relaci&#xF3;n de Proyectos e Ideas de Inversi&#xF3;n en el Sector P&#xFA;blico.-- SEA. Relaci&#xF3;n de Proyectos en proceso de elaboraci&#xF3;n para asociaciones de productores agropecuarios.--</subfield>
    <subfield code="t">SEA. Relaci&#xF3;n de Ideas y Perfiles de proyectos.-- Relaci&#xF3;n de Perfiles e Ideas de Inversiones para la Regi&#xF3;n del Cibao. FIDE- C&#xE1;mara de Comercio de Santiago.--</subfield>
  </datafield>
  <datafield tag="590" ind1=" " ind2=" ">
    <subfield code="a">Inventariado 2023 / MF</subfield>
  </datafield>
  <datafield tag="700" ind1=" " ind2="2">
    <subfield code="a">Najri, Jos&#xE9; Antonio,</subfield>
    <subfield code="d">1948-</subfield>
    <subfield code="9">9414</subfield>
    <subfield code="e">presentaci&#xF3;n</subfield>
  </datafield>
  <datafield tag="700" ind1=" " ind2="2">
    <subfield code="a">Haza. L. Orlando,</subfield>
    <subfield code="e">presentaci&#xF3;n</subfield>
    <subfield code="9">84721</subfield>
  </datafield>
  <datafield tag="942" ind1=" " ind2=" ">
    <subfield code="2">ddc</subfield>
    <subfield code="c">LBS1</subfield>
  </datafield>
  <datafield tag="952" ind1=" " ind2=" ">
    <subfield code="0">0</subfield>
    <subfield code="1">0</subfield>
    <subfield code="2">ddc</subfield>
    <subfield code="5">1</subfield>
    <subfield code="7">0</subfield>
    <subfield code="8">PD</subfield>
    <subfield code="a">BNPHU</subfield>
    <subfield code="b">BNPHU</subfield>
    <subfield code="c">CT</subfield>
    <subfield code="d">2014-02-07</subfield>
    <subfield code="l">0</subfield>
    <subfield code="o">R426g</subfield>
    <subfield code="p">42762-10</subfield>
    <subfield code="r">2020-06-25</subfield>
    <subfield code="w">2020-06-25</subfield>
    <subfield code="y">LBS1</subfield>
    <subfield code="Z">No se presta</subfield>
  </datafield>
  <datafield tag="952" ind1=" " ind2=" ">
    <subfield code="0">0</subfield>
    <subfield code="1">0</subfield>
    <subfield code="2">ddc</subfield>
    <subfield code="5">1</subfield>
    <subfield code="7">0</subfield>
    <subfield code="8">PD</subfield>
    <subfield code="a">BNPHU</subfield>
    <subfield code="b">BNPHU</subfield>
    <subfield code="c">CT</subfield>
    <subfield code="d">2023-12-13</subfield>
    <subfield code="e">Donado por presidencia de la Rep&#xFA;blica Dominicana</subfield>
    <subfield code="l">0</subfield>
    <subfield code="o">R426g</subfield>
    <subfield code="p">2023-8366</subfield>
    <subfield code="r">2023-12-13</subfield>
    <subfield code="t">e.2</subfield>
    <subfield code="w">2023-12-13</subfield>
    <subfield code="y">LBS1</subfield>
  </datafield>
  <datafield tag="952" ind1=" " ind2=" ">
    <subfield code="0">0</subfield>
    <subfield code="1">0</subfield>
    <subfield code="2">ddc</subfield>
    <subfield code="5">6</subfield>
    <subfield code="7">0</subfield>
    <subfield code="8">DS</subfield>
    <subfield code="a">BNPHU</subfield>
    <subfield code="b">BNPHU</subfield>
    <subfield code="c">CT</subfield>
    <subfield code="d">2014-12-13</subfield>
    <subfield code="e">Donado por Barbara Suncar</subfield>
    <subfield code="l">0</subfield>
    <subfield code="o">R426g</subfield>
    <subfield code="p">2023-8367</subfield>
    <subfield code="r">2023-12-13</subfield>
    <subfield code="t">e.3</subfield>
    <subfield code="w">2023-12-13</subfield>
    <subfield code="y">LBS1</subfield>
  </datafield>
  <datafield tag="952" ind1=" " ind2=" ">
    <subfield code="0">0</subfield>
    <subfield code="1">0</subfield>
    <subfield code="2">ddc</subfield>
    <subfield code="5">6</subfield>
    <subfield code="7">0</subfield>
    <subfield code="8">DS</subfield>
    <subfield code="a">BNPHU</subfield>
    <subfield code="b">BNPHU</subfield>
    <subfield code="c">CT</subfield>
    <subfield code="d">2014-12-13</subfield>
    <subfield code="e">Presidencia de la Rep&#xFA;blica Dominicana</subfield>
    <subfield code="l">0</subfield>
    <subfield code="o">R426g</subfield>
    <subfield code="p">2023-8368</subfield>
    <subfield code="r">2023-12-13</subfield>
    <subfield code="t">e.4</subfield>
    <subfield code="w">2023-12-13</subfield>
    <subfield code="y">LBS1</subfield>
  </datafield>
  <datafield tag="999" ind1=" " ind2=" ">
    <subfield code="c">42251</subfield>
    <subfield code="d">42251</subfield>
  </datafield>
</record>
